00740nam a2200229 a 450000100060000000300080000600500170001400800410003102000260007203500190009804000300011704100080014708200250015510000200018024500580020024600730025826000340033130000290036550400510039465000280044570000370047366111BD-RjUL20211209081512.0170314t20052004enkab be 001 0 eng  a1840137967 :c£17.95 a(BD-RjUL)66241 aStDuBDSdUkbengcBD-RjUL aeng04a599.03223bBEE 20051 aBeer, Amy-Jane.10aEncyclopedia of mammals /cAmy-Jane Beer, Pat Morris. aEncyclopedia of mammals:bAn essential guide to Mammals of the World aHoo :bGrange,c2005 [c.2004] a288 p. :bill. ;c25 cm. aIncludes bibliographical references and index. 0aMammalsvDictionaries. 1 aMorris, Pat,d1943- , jt. auth.